| 000 | 00873nam a22002297a 4500 | ||
|---|---|---|---|
| 008 | 240605b mp ||||| |||| 00| 0 mon d | ||
| 020 | _a978-99962-0-265-0 | ||
| 035 | _a25519 | ||
| 040 |
_aHE0623081 _bmon _cMN-UlNLM _dMN-UlNLM _erda |
||
| 041 | _amon | ||
| 042 | _a59360 | ||
| 084 |
_2NNA _a74.100.5 _bД.60 |
||
| 245 | 0 | _aДөрвөн улирал | |
| 264 |
_aУБ. _bМонсудар хэвлэлийн газар _c2021 |
||
| 300 | _a16х. | ||
| 336 |
_2rdacontent _atext _btxt |
||
| 337 |
_2rdamedia _aunmediated _bn |
||
| 338 |
_2rdacarrier _avolume _bnc |
||
| 650 | _aЭнэхүү номд "Өвөл", "Хавар", "Зун", Намар" шүлгүүд орсон байна. Д.Содномдорж.Дөрвөн улирал, Д.Содномдорж, хасбаатар, монголын х... | ||
| 942 |
_2NNA _cBK |
||
| 999 |
_c895205 _d895262 |
||